00394nam a2200133Ia 4500008004100000020001800041082002100059100001900080245006200099260004400161300001100205440002100216650002300237120622s9999 xx 000 0 und d a968-16-2453-X a086.1 B846 v.437 aPicca, Georges aLa criminología / Georges Picca ; tr. de Esther Herrera aMéxico : Fondo de Cultura Económica a148 p. aBreviarios ; 437 a1. CRIMINOLOGIAÌ